000 00830nam a2200253 a 4500
001 68531
003 BD-RjUL
005 20211209081801.0
008 170403s1962 sw ab b 000 0 eng d
035 _a(BD-RjUL)68741
040 _aAKR
_cAKR
_dRCD
_dBD-RjUL
_beng
041 _aeng
082 _223
_a910
_bBUT 1962
100 1 _aBunge, William,
_9203119
245 1 0 _aTheoretical geography /
_cby William Bunge.
260 _aLund :
_bC. W. K. Gleerup,
_c1962.
300 _axii, 210 p. :
_bill. ;
_c25 cm.
490 1 _aLund studies in geography. Ser. C, General and mathematical geography ;
_vno. 1
500 _aRevision of thesis, University of Washington.
504 _aBibliography: p. [199]-210.
650 0 _aGeography
_xMethodology.
_9117604
830 0 _aLund studies in geography.
_vno. 1.
_9203122
942 _2ddc
_cBK
999 _c68531
_d68531